The management of business logistics: A Supply Chain Perspective (Record no. 1391)
| 000 -LEADER | |
|---|---|
| fixed length control field | 00666nam a22002177a 4500 |
| 003 - CONTROL NUMBER IDENTIFIER | |
| control field | OSt |
| 005 - DATE AND TIME OF LATEST TRANSACTION | |
| control field | 20140929085017.0 |
| 008 - FIXED-LENGTH DATA ELEMENTS--GENERAL INFORMATION | |
| fixed length control field | 140929b xxu||||| |||| 00| 0 eng d |
| 020 ## - INTERNATIONAL STANDARD BOOK NUMBER | |
| International Standard Book Number | 9780324007510 |
| 050 ## - LIBRARY OF CONGRESS CALL NUMBER | |
| Classification number | HD38.5 .C69 2003 |
| 100 ## - MAIN ENTRY--PERSONAL NAME | |
| Personal name | Coyle, John Joseph, |
| 245 ## - TITLE STATEMENT | |
| Title | The management of business logistics: A Supply Chain Perspective |
| Statement of responsibility, etc | John J. Coyle, Edward J. Bardi, C. John Langley, Jr. |
| 250 ## - EDITION STATEMENT | |
| Edition statement | 7th ed. |
| 260 ## - PUBLICATION, DISTRIBUTION, ETC. (IMPRINT) | |
| Place of publication, distribution, etc | USA |
| Name of publisher, distributor, etc | Thomson Learning |
| Date of publication, distribution, etc | 2003 |
| 300 ## - PHYSICAL DESCRIPTION | |
| Extent | v, 707 p. |
| Dimensions | 28cm |
| 504 ## - BIBLIOGRAPHY, ETC. NOTE | |
| Bibliography, etc | Includes bibliographies and indexes. |
| 650 ## - SUBJECT ADDED ENTRY--TOPICAL TERM | |
| Topical term or geographic name as entry element | Business logistics. |
| 700 ## - ADDED ENTRY--PERSONAL NAME | |
| Personal name | Bardi, Edward J., |
| 700 ## - ADDED ENTRY--PERSONAL NAME | |
| Personal name | Langley, C. John, |
| 942 ## - ADDED ENTRY ELEMENTS (KOHA) | |
| Source of classification or shelving scheme | |
| Koha item type | Book |
| Withdrawn status | Lost status | Source of classification or shelving scheme | Damaged status | Not for loan | Home library | Current library | Shelving location | Date acquired | Total Checkouts | Full call number | Barcode | Date last seen | Date checked out | Copy number | Price effective from | Koha item type |
|---|---|---|---|---|---|---|---|---|---|---|---|---|---|---|---|---|
| Riara University Library | Riara University Library | General stack | 29/09/2014 | 4 | HD38.5 .C69 2003 | 4977/14 | 24/08/2023 | 12/05/2023 | C.1 | 29/09/2014 | Book | |||||
| Riara University Library | Riara University Library | General stack | 29/09/2014 | 2 | HD38.5 .C69 2003 | 4978/14 | 18/10/2017 | 06/10/2017 | C.2 | 29/09/2014 | Book |
